[Event "Alcorcon Diagonal-B 3rd"]
[Site "Alcorcon"]
[Date "2024.12.26"]
[Round "1"]
[White "Lianes Garcia, Marcos"]
[Black "Lozano Ramirez, Nestor Favian"]
[Result "1/2-1/2"]
[WhiteElo "2389"]
[BlackElo "2200"]
[PlyCount "134"]
[EventDate "2024.12.26"]
[EventType "tourn"]
[EventRounds "9"]
[EventCountry "ESP"]
[EventCategory "1"]
[SourceTitle "CB01_2025"]
[SourceDate "2025.01.01"]
[SourceVersion "1"]
[SourceVersionDate "2025.01.01"]
[SourceQuality "1"]

1. e4 g6 2. d4 Bg7 3. Nc3 d6 4. Be3 a6 5. h4 h6 6. Qd2 b5 7. f3 Nd7 8. 0-0-0 Ngf6 9. Nh3 Nb6 10. a3 c6 11. Qf2 Qc7 12. g4 Nfd7 13. g5 hxg5 14. Nxg5 c5 15. dxc5 dxc5 16. Nd5 Nxd5 17. exd5 Bb7 18. Ne4 Qe5 19. Nc3 f5 20. Bg5 Qd6 21. Re1 e5 22. dxe6 Ne5 23. Rd1 Qxe6 24. Qxc5 Rc8 25. Qa7 Qf7 26. Nxb5 axb5 27. Bxb5+ Kf8 28. Rhe1 Rxc2+ 29. Kxc2 Be4+ 30. Rxe4 Qxa7 31. Rxe5 Bxe5 32. Rd8+ Kg7 33. Rd7+ Qxd7 34. Bxd7 Bf6 35. a4 Rb8 36. Bb5 Bxg5 37. hxg5 Kf8 38. b4 Ke7 39. Kc3 Kd6 40. Kd4 Rb7 41. f4 Rb8 42. Kc4 Rc8+ 43. Kb3 Rh8 44. a5 Rh4 45. Be8 Rxf4 46. Bxg6 Rg4 47. Bxf5 Rxg5 48. Be4 Rg4 49. Bd3 Rd4 50. Bb5 Rf4 51. Kc3 Rf3+ 52. Bd3 Rf4 53. Kb3 Rd4 54. Ba6 Kc6 55. Be2 Rd2 56. Bc4 Rd4 57. Kc3 Rf4 58. Be2 Rf2 59. Bd3 Rf4 60. b5+ Kc5 61. b6 Rf7 62. Ba6 Rf3+ 63. Kc2 Kb4 64. Bc8 Rf2+ 65. Kc1 Rf1+ 66. Kc2 Rf2+ 67. Kc1 Rf1+ 1/2-1/2

[Event "Alcorcon Diagonal-B 3rd"]
[Site "Alcorcon"]
[Date "2024.12.26"]
[Round "2"]
[White "Lozano Ramirez, Nestor Favian"]
[Black "Marquez Ruiz, Angel Jesus"]
[Result "1/2-1/2"]
[WhiteElo "2200"]
[BlackElo "2303"]
[PlyCount "83"]
[EventDate "2024.12.26"]
[EventType "tourn"]
[EventRounds "9"]
[EventCountry "ESP"]
[EventCategory "1"]
[SourceTitle "CB01_2025"]
[SourceDate "2025.01.01"]
[SourceVersion "1"]
[SourceVersionDate "2025.01.01"]
[SourceQuality "1"]

1. c4 Nf6 2. g3 c6 3. Bg2 d5 4. Nf3 g6 5. b3 Bg7 6. Bb2 0-0 7. 0-0 a5 8. Nc3 Bg4 9. d4 Na6 10. h3 Bf5 11. Ne5 Be6 12. e3 Qc8 13. Kh2 Rd8 14. Qe2 Qc7 15. Rac1 dxc4 16. bxc4 Nd7 17. Nf3 Nb6 18. c5 Nd5 19. Na4 b5 20. cxb6 Nxb6 21. Nxb6 Qxb6 22. Ne5 Bxe5 23. Rxc6 Qb8 24. dxe5 Nb4 25. Rxe6 fxe6 26. Bxa8 Qxa8 27. a3 Nd5 28. Bd4 Qc6 29. Qd2 Qa4 30. Rc1 Rd7 31. Rc8+ Kg7 32. Qc1 Qb5 33. Qc6 Qf1 34. Qc2 Rb7 35. Bb2 Qb5 36. Bc1 Qf1 37. e4 Nb6 38. Rc6 Rd7 39. Be3 Rd1 40. Qxd1 Qxd1 41. Rxb6 Qf1 42. Rc6 1/2-1/2

[Event "Vega de San Mateo op 2nd"]
[Site "Vega de San Mateo"]
[Date "2024.11.30"]
[Round "1"]
[White "Mesa Cruz, Ricardo"]
[Black "Lozano Ramirez, Nestor Favian"]
[Result "0-1"]
[WhiteElo "1609"]
[BlackElo "2200"]
[PlyCount "60"]
[EventDate "2024.11.30"]
[EventType "swiss"]
[EventRounds "9"]
[EventCountry "ESP"]
[SourceTitle "CB50_2024"]
[SourceDate "2024.11.01"]
[SourceVersion "1"]
[SourceVersionDate "2024.11.01"]
[SourceQuality "2"]

1. Nf3 g6 2. e4 Bg7 3. d4 d6 4. Bc4 Nf6 5. Qe2 0-0 6. 0-0 Bg4 7. Nbd2 Nc6 8. h3 Nxd4 9. Qd3 Nxf3+ 10. Nxf3 Bxf3 11. Qxf3 Nd7 12. Bb3 Nc5 13. Bc4 c6 14. a4 Nxe4 15. Bxf7+ Rxf7 16. Qxe4 e5 17. c4 d5 18. cxd5 cxd5 19. Qg4 Qd7 20. Qg3 Rc8 21. Qb3 Kh8 22. Bd2 Rf6 23. Rac1 Rfc6 24. Rxc6 Rxc6 25. h4 Rc4 26. g3 Rxa4 27. Rc1 Ra6 28. Rc5 Rd6 29. Rb5 b6 30. Bb4 Qxb5 0-1

[Event "ESP-chT Rapid"]
[Site "Ubeda"]
[Date "2024.08.25"]
[Round "2.16"]
[White "Lozano Ramirez, Nestor Favian"]
[Black "Navarro Ortiz de Orruno, Borja"]
[Result "1/2-1/2"]
[WhiteElo "2203"]
[BlackElo "2281"]
[PlyCount "76"]
[EventDate "2024.08.25"]
[EventType "team-swiss (rapid)"]
[EventRounds "7"]
[EventCountry "ESP"]
[SourceTitle "CBM 221 Extra"]
[Source "ChessBase"]
[SourceDate "2024.09.30"]
[SourceVersion "1"]
[SourceVersionDate "2024.09.30"]
[SourceQuality "1"]
[WhiteTeam "Diagonal Alcorcon"]
[BlackTeam "Costa Calida"]
[WhiteTeamCountry "ESP"]
[BlackTeamCountry "ESP"]

1. c4 e6 2. g3 Nf6 3. Bg2 d5 4. Nf3 g6 5. b3 Bg7 6. Bb2 b6 7. 0-0 Bb7 8. d3 0-0 9. e3 c5 10. Qe2 Re8 11. Nc3 Nbd7 12. Rfd1 Qe7 13. Rac1 Rac8 14. cxd5 exd5 15. d4 a6 16. Ba3 Red8 17. Na4 Ne4 18. Nd2 f5 19. Nxe4 fxe4 20. Bh3 Bc6 21. Bxd7 Bxd7 22. Nxb6 Bb5 23. Nxc8 Rxc8 24. Qg4 Rd8 25. Bxc5 Qf7 26. Qf4 Qe6 27. Ba3 h5 28. Rc7 Rd7 29. Rdc1 Kh7 30. Rxd7 Bxd7 31. Qd6 Qh3 32. Rc7 Bb5 33. Rxg7+ Kxg7 34. Qf8+ Kh7 35. Qf7+ Kh8 36. Qf8+ Kh7 37. Qf7+ Kh8 38. Qf8+ Kh7 1/2-1/2

[Event "ESP-ch Rapid"]
[Site "Mengibar"]
[Date "2024.08.17"]
[Round "6"]
[White "Lozano Ramirez, Nestor Favian"]
[Black "Martin Duque, Jesus"]
[Result "0-1"]
[WhiteElo "2203"]
[BlackElo "2365"]
[PlyCount "88"]
[EventDate "2024.08.17"]
[EventType "swiss (rapid)"]
[EventRounds "10"]
[EventCountry "ESP"]
[SourceTitle "CBM 221 Extra"]
[Source "ChessBase"]
[SourceDate "2024.09.30"]
[SourceVersion "1"]
[SourceVersionDate "2024.09.30"]
[SourceQuality "1"]

1. g3 c5 2. c4 g6 3. Bg2 Bg7 4. Nc3 Nc6 5. Nf3 e6 6. h4 h6 7. d3 Nge7 8. Rb1 d5 9. Bd2 b6 10. a3 a5 11. 0-0 0-0 12. Qc1 Kh7 13. Rd1 Bb7 14. Nb5 a4 15. Bf4 e5 16. Bd2 Nd4 17. Nfxd4 exd4 18. Bf4 Qd7 19. Bd6 Rfe8 20. Bxe7 Rxe7 21. Re1 Rae8 22. Qc2 dxc4 23. Bxb7 Qxb5 24. dxc4 Qd7 25. Bd5 Re5 26. b3 axb3 27. Rxb3 Rxd5 28. cxd5 Qxd5 29. Rd1 Re6 30. Rb5 Qe5 31. Rd2 h5 32. Kf1 Qd5 33. Kg1 Bh6 34. Rd1 Qe5 35. Rb2 Be3 36. Kg2 Qd5+ 37. f3 c4 38. a4 Qc6 39. Rb4 c3 40. Rb5 Kg7 41. Rdb1 Bd2 42. Kf1 Qc4 43. Qd3 Qxd3 44. exd3 c2 0-1

[Event "Titled Tuesday intern op 30th Jul Early"]
[Site "Chess.com INT"]
[Date "2024.07.30"]
[Round "1"]
[White "Lozano Ramirez, Nestor Favian"]
[Black "Agibileg, Uurtsaikh"]
[Result "1-0"]
[WhiteElo "2210"]
[BlackElo "2418"]
[PlyCount "77"]
[EventDate "2024.07.30"]
[EventType "swiss (blitz)"]
[EventRounds "11"]
[EventCountry "USA"]
[SourceTitle "EXT 2025"]
[Source "ChessBase"]
[SourceDate "2024.10.14"]
[SourceVersion "1"]
[SourceVersionDate "2024.10.14"]
[SourceQuality "1"]

1. c4 Nf6 2. g3 c5 3. Bg2 d5 4. cxd5 Nxd5 5. Nc3 Nc7 6. Nf3 Nc6 7. 0-0 e5 8. a3 Be7 9. b4 cxb4 10. axb4 0-0 11. b5 Nd4 12. Nxe5 Ncxb5 13. Nxb5 Nxb5 14. Bb2 Bf6 15. d4 Rb8 16. Qa4 a6 17. Rfd1 Re8 18. Rac1 Be6 19. d5 Bc8 20. Qf4 Qd6 21. Nd3 Qxf4 22. gxf4 Bxb2 23. Nxb2 Rxe2 24. Nc4 Bf5 25. Nb6 Rd8 26. Bf1 Re4 27. Bxb5 axb5 28. d6 Kf8 29. Rc5 Rxf4 30. Kg2 g5 31. Kg3 h5 32. f3 h4+ 33. Kg2 Bd7 34. Nxd7+ Rxd7 35. Rxb5 f6 36. Rc5 Kf7 37. Rcd5 Rb4 38. R1d2 Rb2 39. Rxb2 1-0

[Event "Titled Tuesday intern op 09th Apr Early"]
[Site "Chess.com INT"]
[Date "2024.04.09"]
[Round "1"]
[White "Akhmedinov, Satbek"]
[Black "Lozano Ramirez, Nestor Favian"]
[Result "1-0"]
[WhiteElo "2286"]
[BlackElo "2208"]
[PlyCount "59"]
[EventDate "2024.04.09"]
[EventType "swiss (blitz)"]
[EventRounds "11"]
[EventCountry "USA"]
[SourceTitle "EXT 2025"]
[Source "ChessBase"]
[SourceDate "2024.10.14"]
[SourceVersion "1"]
[SourceVersionDate "2024.10.14"]
[SourceQuality "1"]

1. e4 g6 2. d4 Bg7 3. Nf3 d6 4. Bc4 e6 5. 0-0 Ne7 6. c3 d5 7. Bd3 dxe4 8. Bxe4 0-0 9. Bf4 h6 10. Qd2 g5 11. Be3 f5 12. Bc2 f4 13. Qd3 Nf5 14. Bd2 Nc6 15. Na3 e5 16. dxe5 Qxd3 17. Bxd3 Nxe5 18. Nxe5 Bxe5 19. Rfe1 Bg7 20. Bc4+ Kh8 21. Rad1 c6 22. Bc1 b5 23. Be2 Nh4 24. g3 fxg3 25. hxg3 Ng6 26. Rd6 Ne5 27. f4 gxf4 28. Bxf4 Bh3 29. Bxe5 Bxe5 30. Rxh6+ 1-0

[Event "Titled Tuesday intern op 02nd Apr Late"]
[Site "Chess.com INT"]
[Date "2024.04.02"]
[Round "6"]
[White "Lozano Ramirez, Nestor Favian"]
[Black "Palacio, Igor Da Paz"]
[Result "1-0"]
[WhiteElo "2208"]
[BlackElo "2172"]
[PlyCount "95"]
[EventDate "2024.04.02"]
[EventType "swiss (blitz)"]
[EventRounds "11"]
[EventCountry "USA"]
[SourceTitle "CBM 219 Extra"]
[Source "ChessBase"]
[SourceDate "2024.05.31"]
[SourceVersion "1"]
[SourceVersionDate "2024.05.31"]
[SourceQuality "1"]

1. c4 Nf6 2. g3 g6 3. Bg2 Bg7 4. Nc3 0-0 5. e4 d6 6. Nge2 e5 7. d3 Nc6 8. 0-0 Rb8 9. h3 a6 10. Be3 Nd7 11. Rc1 Nd4 12. Qd2 Nc5 13. Kh2 a5 14. Bh6 Bxh6 15. Qxh6 Nxe2 16. Nxe2 Nxd3 17. Rcd1 Nxb2 18. Rb1 Nxc4 19. f4 f6 20. h4 Nd2 21. f5 Nxb1 22. fxg6 Qd7 23. Rxb1 Qg7 24. gxh7+ Qxh7 25. Qe3 Bg4 26. Nc3 Be6 27. Nb5 b6 28. Rc1 Rf7 29. a4 Rg7 30. Rc3 Kh8 31. Qc1 Rc8 32. Bf1 Qg6 33. Bg2 Kh7 34. Bh1 Qh6 35. Qc2 Qg6 36. Bg2 f5 37. exf5 Bxf5 38. Qf2 Rf7 39. Qe3 Be6 40. Be4 Bf5 41. Bd5 Rg7 42. Qe2 Qg4 43. Qg2 Qxa4 44. Bc6 Qg4 45. Bf3 Rcg8 46. Bxg4 Rxg4 47. Nxc7 R4g7 48. Nd5 1-0

[Event "Titled Tuesday intern op 02nd Apr Late"]
[Site "Chess.com INT"]
[Date "2024.04.02"]
[Round "10"]
[White "Torres, Yelfry"]
[Black "Lozano Ramirez, Nestor Favian"]
[Result "0-1"]
[WhiteElo "2061"]
[BlackElo "2208"]
[PlyCount "78"]
[EventDate "2024.04.02"]
[EventType "swiss (blitz)"]
[EventRounds "11"]
[EventCountry "USA"]
[SourceTitle "CBM 219 Extra"]
[Source "ChessBase"]
[SourceDate "2024.05.31"]
[SourceVersion "1"]
[SourceVersionDate "2024.05.31"]
[SourceQuality "1"]

1. c4 g6 2. Nc3 Bg7 3. g3 c5 4. Bg2 Nc6 5. Nf3 d6 6. 0-0 Bf5 7. d3 Qd7 8. Nd5 Rc8 9. h4 Bh3 10. Rb1 Bxg2 11. Kxg2 e6 12. Nc3 Nf6 13. Bg5 Ng4 14. Qc1 h6 15. Bd2 d5 16. Re1 b6 17. a3 0-0 18. b4 cxb4 19. axb4 dxc4 20. dxc4 Nce5 21. Nxe5 Nxe5 22. Bxh6 Bxh6 23. Qxh6 Rxc4 24. Nd1 Qc6+ 25. Kg1 Rd8 26. Ne3 Rcd4 27. Qg5 Qe4 28. Rbc1 Ng4 29. Nxg4 Qxg4 30. Qe7 R4d7 31. Qf6 Qxb4 32. h5 Qd4 33. Qf3 gxh5 34. Qxh5 Rd5 35. Qh4 Qxh4 36. gxh4 Rd4 37. Rc7 Rxh4 38. Rxa7 Rd5 39. Rc1 Rg5+ 0-1

[Event "Titled Tuesday intern op 05th Mar Early"]
[Site "Chess.com INT"]
[Date "2024.03.05"]
[Round "6"]
[White "Lozano Ramirez, Nestor Favian"]
[Black "Paikens, Reinis"]
[Result "1-0"]
[WhiteElo "2211"]
[BlackElo "2122"]
[PlyCount "92"]
[EventDate "2024.03.05"]
[EventType "swiss (blitz)"]
[EventRounds "11"]
[EventCountry "USA"]
[SourceTitle "EXT 2025"]
[Source "ChessBase"]
[SourceDate "2024.10.14"]
[SourceVersion "1"]
[SourceVersionDate "2024.10.14"]
[SourceQuality "1"]

1. c4 c5 2. g3 Nc6 3. Bg2 g6 4. Nc3 Bg7 5. d3 e5 6. Nf3 Nge7 7. Nd2 0-0 8. Nf1 d6 9. Ne3 f5 10. Ned5 h6 11. Rb1 Kh7 12. a3 a5 13. Bd2 Be6 14. b4 axb4 15. axb4 Bxd5 16. Nxd5 Nxd5 17. Bxd5 cxb4 18. Bxb4 Ra2 19. 0-0 f4 20. Bc3 Qd7 21. Bf3 Ra3 22. Bb2 Ra2 23. Qb3 Rxb2 24. Qxb2 e4 25. Qxb7 Qxb7 26. Rxb7 exf3 27. exf3 Ne5 28. Kg2 Nxd3 29. Rd1 Nc5 30. Rc7 Kh8 31. Rd5 Rd8 32. Rcxc5 Be5 33. Rc6 Re8 34. c5 dxc5 35. Rcxc5 Bf6 36. Rc6 Kg7 37. Rd7+ Be7 38. h4 fxg3 39. fxg3 Kf7 40. h5 gxh5 41. Rxh6 h4 42. Rh7+ Ke6 43. Rhxe7+ Rxe7 44. Rxe7+ Kxe7 45. gxh4 Kf6 46. Kg3 Kf5 1-0

[Event "ESP-ch Rapid"]
[Site "Linares"]
[Date "2023.08.19"]
[Round "6"]
[White "Lozano Ramirez, Nestor Favian"]
[Black "Donate Moreno, Silvia"]
[Result "1/2-1/2"]
[WhiteElo "2275"]
[BlackElo "1962"]
[PlyCount "161"]
[EventDate "2023.08.19"]
[EventType "swiss (rapid)"]
[EventRounds "10"]
[EventCountry "ESP"]
[SourceTitle "CBM 215 Extra"]
[Source "ChessBase"]
[SourceDate "2023.09.30"]
[SourceVersion "1"]
[SourceVersionDate "2023.09.30"]
[SourceQuality "1"]

1. c4 g6 2. g3 Bg7 3. Bg2 d6 4. Nc3 e5 5. e4 f5 6. exf5 gxf5 7. Qh5+ Kf8 8. Qe2 Nc6 9. d3 Nd4 10. Qd1 c6 11. Nf3 Ne6 12. Qe2 Ne7 13. h4 Qc7 14. Bg5 Bd7 15. Rd1 h6 16. Bxe7+ Kxe7 17. d4 e4 18. d5 Bxc3+ 19. bxc3 cxd5 20. cxd5 Qxc3+ 21. Kf1 a6 22. Kg1 Bb5 23. Qe1 Qxe1+ 24. Rxe1 Rac8 25. dxe6 exf3 26. Bxf3 Bc4 27. Bxb7 Rb8 28. Bf3 Bxa2 29. Kg2 Rhc8 30. Re2 Bc4 31. Rd2 Bxe6 32. Re1 Kd7 33. Ra1 Rb6 34. Ra5 Ke7 35. Be2 Rcc6 36. Rd4 Rc5 37. Rxa6 Rxa6 38. Bxa6 d5 39. Bd3 Kd6 40. Kf3 Ke5 41. Ke3 Rc3 42. Ra4 Rb3 43. f4+ Kf6 44. Ra6 Rc3 45. Kd4 Rc1 46. g4 Ke7 47. gxf5 Bf7 48. Rxh6 Rh1 49. f6+ Ke6 50. f5+ Kd6 51. Rh7 Bg8 52. f7 Bxf7 53. Rxf7 Rxh4+ 54. Kc3 Ke5 55. Re7+ Kd6 56. Re6+ Kd7 57. Rg6 Rf4 58. Rh6 Ke7 59. Kd2 d4 60. Ke2 Kd7 61. Kd1 Rf2 62. Ke1 Rf3 63. Ke2 Re3+ 64. Kd2 Rf3 65. Re6 Rf2+ 66. Re2 Rf4 67. Kc2 Kd6 68. Re8 Kc5 69. Kb3 Rf3 70. Re5+ Kd6 71. Re6+ Kd5 72. Kc2 Rf2+ 73. Kd1 Kc5 74. Ke1 Rf3 75. Ke2 Rf4 76. Be4 Kb4 77. Kd3 Kc5 78. Re5+ Kd6 79. Kxd4 Rf1 80. Rd5+ Ke7 81. Ke5 1/2-1/2

[Event "ESP-ch Rapid"]
[Site "Linares"]
[Date "2023.08.19"]
[Round "9"]
[White "Perez Guerra, Raul"]
[Black "Lozano Ramirez, Nestor Favian"]
[Result "1-0"]
[WhiteElo "2222"]
[BlackElo "2275"]
[PlyCount "27"]
[EventDate "2023.08.19"]
[EventType "swiss (rapid)"]
[EventRounds "10"]
[EventCountry "ESP"]
[SourceTitle "CBM 215 Extra"]
[Source "ChessBase"]
[SourceDate "2023.09.30"]
[SourceVersion "1"]
[SourceVersionDate "2023.09.30"]
[SourceQuality "1"]

1. e4 g6 2. Nc3 Bg7 3. g3 c5 4. Bg2 Nc6 5. d3 Rb8 6. Be3 b5 7. Qd2 b4 8. Nd1 d6 9. Ne2 h5 10. h3 e6 11. a3 a5 12. axb4 axb4 13. c3 Nge7 14. 0-0 1-0

[Event "Madrid-chT Honor 2223"]
[Site "Madrid"]
[Date "2023.03.11"]
[Round "13.3"]
[White "Alarcia Astiz, Carlos"]
[Black "Lozano Ramirez, Nestor Favian"]
[Result "1/2-1/2"]
[WhiteElo "2261"]
[BlackElo "2231"]
[PlyCount "70"]
[EventDate "2022.11.20"]
[EventType "team-tourn"]
[EventRounds "14"]
[EventCountry "ESP"]
[SourceTitle "EXT 2024"]
[Source "ChessBase"]
[SourceDate "2023.10.10"]
[SourceVersion "1"]
[SourceVersionDate "2023.10.10"]
[SourceQuality "1"]
[WhiteTeam "Blanco y Negro"]
[BlackTeam "Alcorcon Diagonal"]
[WhiteTeamCountry "ESP"]
[BlackTeamCountry "ESP"]

1. e4 g6 2. d4 Bg7 3. Nf3 d6 4. h3 Nf6 5. Bd3 0-0 6. 0-0 Nc6 7. c3 e5 8. dxe5 Nxe5 9. Nxe5 dxe5 10. Be3 Qe7 11. Nd2 a5 12. Bc4 Rd8 13. Qe2 b6 14. Rad1 Bb7 15. Bg5 h6 16. Bh4 Qc5 17. Nb3 Qf8 18. Nd2 Qc5 19. Nb3 Qf8 20. Nd2 Rd7 21. Bxf6 Bxf6 22. Nb3 Rxd1 23. Rxd1 Rd8 24. Rxd8 Qxd8 25. Qd3 Qxd3 26. Bxd3 Bg5 27. c4 a4 28. Na1 f5 29. exf5 e4 30. Bc2 Bf6 31. Bxa4 Bxb2 32. Nc2 gxf5 33. Ne3 f4 34. Nd5 Be5 35. Bc2 Bxd5 1/2-1/2

[Event "Madrid-chT Honor 2223"]
[Site "Madrid"]
[Date "2023.02.05"]
[Round "8.3"]
[White "Lianes Garcia, Marcos"]
[Black "Lozano Ramirez, Nestor Favian"]
[Result "1-0"]
[WhiteElo "2409"]
[BlackElo "2231"]
[PlyCount "63"]
[EventDate "2022.11.20"]
[EventType "team-tourn"]
[EventRounds "14"]
[EventCountry "ESP"]
[SourceTitle "EXT 2024"]
[Source "ChessBase"]
[SourceDate "2023.10.10"]
[SourceVersion "1"]
[SourceVersionDate "2023.10.10"]
[SourceQuality "1"]
[WhiteTeam "Collado Villalba"]
[BlackTeam "Alcorcon Diagonal"]
[WhiteTeamCountry "ESP"]
[BlackTeamCountry "ESP"]

1. e4 g6 2. d4 Bg7 3. Nc3 d6 4. Be3 a6 5. Qd2 b5 6. 0-0-0 Bb7 7. f3 Nd7 8. h4 h6 9. Nh3 Ngf6 10. g4 Nb6 11. Bd3 Nfd7 12. Qf2 b4 13. Ne2 c5 14. dxc5 dxc5 15. Bxc5 Bxb2+ 16. Kxb2 Na4+ 17. Ka1 Naxc5 18. Qd4 e5 19. Qxb4 Qxh4 20. g5 Rb8 21. Qd2 Ke7 22. Bc4 Kf8 23. Qd6+ Kg7 24. Qe7 Rbf8 25. gxh6+ Rxh6 26. Ng5 Qxh1 27. Rxh1 Rxh1+ 28. Kb2 Rb8 29. Ka3 Rb1 30. Nxf7 Rb4 31. Nxe5+ Kh6 32. Ng4+ 1-0